Statistiques concernant Géographie Physique d'Amérique du Sud

Cliquez ici pour prendre le quiz!

Statistiques générales

  • Ce quiz a été pris 6 378 fois
  • Le résultat moyen est 9 sur 21

Statistiques - réponses

IndiceRéponse% Correct
Plus longs fleuvesAmazone
94%
Plus longue chaîne de montagnesLes Andes
83%
Plus grand lac en volume, à la frontière entre la Bolivie et le PérouLac {Titicaca}
65%
Mer au nord du Venezuela et de la ColombieMer des Caraïbes
58%
Point le plus au sud de cet archipelCap {Horn}
56%
Archipel situé à l'ouest des côtes EquatoriennesÎles Galápagos
56%
Plus célèbres plages de Rio de JaneiroCopacabana
54%
Archipel situé à l'est des côtes sud de l'ArgentineÎles Malouines
53%
Région s'étendant au sud de l'Argentine et du ChiliPatagonie
52%
Détroit reliant les océans Pacifique et AtlantiqueDétroit de {Magellan}
46%
Archipel situé à l'extrême sud du continent{Terre} {de} {Feu}
45%
Région de plaines fertiles herbeuses s'étendant
en Uruguay, en Argentine et au sud du Brésil
La Pampa
38%
Célèbre bloc monolithique de granite situé à Rio de JaneiroMont du Pain de Sucre
32%
Plus importante chutes d'eau (en débit)Chutes d'Iguazú
30%
Désert hyperaride au sud du PérouDésert d'Atacama
30%
Plus haut sommetAconcagua
28%
Plus célèbres plages de Rio de JaneiroIpanema
27%
Plus haute chute d'eau du monde, située au Venezuela (979 m)Salto Ángel
19%
Plus longs fleuvesParaná
14%
Grande baie du Venezuela parfois considérée comme un lacLac {Maracaibo}
13%
Terme désignant les reliefs tabulaires (mesa) fréquents au VenezuelaTepuy
5%

Distribution des résultats

Percentile par nombre de réponses

% des personnes avec chaque résultat

Votre développement - résultats

Vous n’avez pas pris ce quiz